| 000 | 00568nam a2200217Ia 4500 | ||
|---|---|---|---|
| 005 | 20220707103313.0 | ||
| 008 | 131103s9999 xx 000 0 und d | ||
| 020 | _c25 p. | ||
| 040 | _aLoreto College | ||
| 041 | _aEnglish | ||
| 082 |
_a305.8 _bKIN |
||
| 100 | _aKing,Martin Luther | ||
| 245 |
_aChaos or community _cMartin Luther King |
||
| 260 |
_aHarmondsworth _bPenguin Books _c1969 |
||
| 300 | _a202 p. | ||
| 504 | _aIncludes notes and index | ||
| 650 | _aSocial Groups | ||
| 651 | _aRacial,Ethnic and National Groups | ||
| 850 | _aLCLIB | ||
| 942 | _cBK | ||
| 999 |
_c12529 _d63008 |
||